Normal view
MARC view
- الملكية الفكرية -- مصر-- الملكية الفكرية (قانون دولي)-- الملكية الفكرية-- الملكية الفكرية -- قوانين و تشريعات
Entry Topical Term
001 - CONTROL NUMBER
- control field: 32046
003 - CONTROL NUMBER IDENTIFIER
- control field: JO-AjAnu
005 - DATE AND TIME OF LATEST TRANSACTION
- control field: 20230606075405.0
008 - FIXED-LENGTH DATA ELEMENTS
- fixed length control field: 230606|| aca||aabn | a|a d
040 ## - CATALOGING SOURCE
- Original cataloging agency: JO-AjAnu
- Transcribing agency: JO-AjAnu
150 ## - HEADING--TOPICAL TERM
- Topical term or geographic name entry element: الملكية الفكرية -- مصر-- الملكية الفكرية (قانون دولي)-- الملكية الفكرية-- الملكية الفكرية -- قوانين و تشريعات
670 ## - SOURCE DATA FOUND
- Source citation: Work cat.: (JO-AjAnu)16458: عبد الرحمن، عبد الرحيم عنتر, author 32045, حقوق الملكية الفكرية وأثرها الاقتصادي